书目信息 |
| 题名: |
结构化压缩感知理论及应用
|
|
| 作者: | 刘福来 , 张子选 , 杜瑞燕 编著 | |
| 分册: | ||
| 出版信息: | 北京 清华大学出版社 2022.01 |
|
| 页数: | 334页 | |
| 开本: | 26cm | |
| 丛书名: | 电子信息前沿技术丛书 | |
| 单 册: | ||
| 中图分类: | TN911.7 | |
| 科图分类: | ||
| 主题词: | 信号压缩--xin hao ya suo--感知 | |
| 电子资源: | ||
| ISBN: | 978-7-302-59298-3 | |
| 000 | 01521nam 2200301 450 | |
| 001 | 2252201004 | |
| 005 | 20220916143041.37 | |
| 010 | @a978-7-302-59298-3@dCNY89.00 | |
| 100 | @a20220124d2022 em y0chiy50 ea | |
| 101 | 0 | @achi |
| 102 | @aCN@b110000 | |
| 105 | @aa a 000yy | |
| 200 | 1 | @a结构化压缩感知理论及应用@Ajie gou hua ya suo gan zhi li lun ji ying yong@d= Theory and application of structured compressive sensing@f刘福来, 张子选, 杜瑞燕编著@zeng |
| 210 | @a北京@c清华大学出版社@d2022.01 | |
| 215 | @a334页@c图@d26cm | |
| 225 | 2 | @a电子信息前沿技术丛书@Adian zi xin xi qian yan ji shu cong shu |
| 314 | @a刘福来, 主要从事认知无线电及频谱大数据处理、电磁环境认知与控制利用、GNSS抗干扰技术、毫米波通信系统关键技术、压缩感知和深度学习及其应用等方向的科研和人才培养工作。 | |
| 320 | @a有书目 | |
| 330 | @a本书系统论述结构化压缩感知的理论及应用, 总结作者多年来的研究成果以及国际上该领域的研究进展。全书由9章组成, 主要内容包括结构化压缩感知的发展与现状、结构化压缩感知理论基础、典型的稀疏结构化及压缩感知方法、稀疏阶估计方法、基于结构化压缩感知的谱空穴检测、基于结构化压缩感知的信道估计、基于结构化压缩感知的毫米波信道估计。 | |
| 410 | 0 | @12001 @a电子信息前沿技术丛书 |
| 510 | 1 | @aTheory and application of structured compressive sensing@zeng |
| 606 | 0 | @a信号压缩@Axin hao ya suo@x感知 |
| 690 | @aTN911.7@v5 | |
| 701 | 0 | @a刘福来@Aliu fu lai@4编著 |
| 701 | 0 | @a张子选@Azhang zi xuan@4编著 |
| 701 | 0 | @a杜瑞燕@Adu rui yan@4编著 |
| 801 | 0 | @aCN@b人天书店@c20220124 |
| 905 | @aZUCC@dTN911.7@e4 | |
| 结构化压缩感知理论及应用= Theory and application of structured compressive sensing/刘福来, 张子选, 杜瑞燕编著.-北京:清华大学出版社,2022.01 |
| 334页:图;26cm.-(电子信息前沿技术丛书) |
| ISBN 978-7-302-59298-3:CNY89.00 |
| 本书系统论述结构化压缩感知的理论及应用, 总结作者多年来的研究成果以及国际上该领域的研究进展。全书由9章组成, 主要内容包括结构化压缩感知的发展与现状、结构化压缩感知理论基础、典型的稀疏结构化及压缩感知方法、稀疏阶估计方法、基于结构化压缩感知的谱空穴检测、基于结构化压缩感知的信道估计、基于结构化压缩感知的毫米波信道估计。 |
| ● |
| 相关链接 |
|
|
|
正题名:结构化压缩感知理论及应用
索取号:TN911.7/4
 
预约/预借
| 序号 | 登录号 | 条形码 | 馆藏地/架位号 | 状态 | 备注 |
| 1 | 2000894880 | 2000894880 | 第三书库/ [索取号:TN911.7/4] | 在馆 | |
| 2 | 2000894881 | 2000894881 | 第三书库/ [索取号:TN911.7/4] | 在馆 | |
| 3 | 2000894882 | 2000894882 | 第三书库/ [索取号:TN911.7/4] | 在馆 |